Nazwy pierwiastków chemicznych po angielsku. - Statystyki

Ogólne statystyki
  • Ten quiz został rozwiązany 232 razy
  • Średni wynik to 8 z 10
Statystyki odpowiedzi
Nazwa polska Nazwa angielska % Poprawnych
Neon Neon
94%
Złoto Gold
90%
Tlen Oxygen
90%
Węgiel Carbon
78%
Hel Helium
77%
Żelazo Iron
77%
Radon Radon
76%
Glin Aluminium
72%
Wodór Hydrogen
69%
Azot Nitrogen
64%
Nie znaleziono quizów pasujących do podanych kryteriów
Rozkład punktacji
Procent ludzi z każdym wynikiem
Percentyl według liczby udzielonych odpowiedzi
Twoja historia wyników
Nie rozwiązałeś tego quizu